| 000 | 00908nam a22002897a 4500 | ||
|---|---|---|---|
| 003 | CHAP | ||
| 005 | 20220329134318.0 | ||
| 008 | 971013s1965 r 00010 d | ||
| 010 | _a18565 | ||
| 011 | _a19537 | ||
| 035 | _a23622 | ||
| 040 | _cCHAP | ||
| 082 |
_a507 _bA5 |
||
| 100 | 0 | 0 |
_aAlexander, Uhlman S. _93832 |
| 245 | _aSupervisión de la calidad de la enseñanza en ciencias | ||
| 260 |
_aMéxico, D.F., : _bCentro Regional de Ayuda Técnica, _c1965 |
||
| 300 | _a181 p | ||
| 590 |
_aBATCH-UPD _b10 _c20130110 _lUCH01 _h0055 |
||
| 590 |
_aBATCH-UPD _b10 _c20130110 _lUCH01 _h2023 |
||
| 590 |
_aBATCH-UPD _b10 _c20130410 _lUCH01 _h1340 |
||
| 590 |
_aBATCH-UPD _b10 _c20130914 _lUCH01 _h0015 |
||
| 590 |
_aCONVERSION _b10 _c20130109 _lUCH01 _h1311 |
||
| 650 | 1 | 4 |
_aCiencia _xEstudio y enseñanza. _923118 |
| 901 | _aBK | ||
| 942 | _cLIBRO | ||
| 949 |
_a507 A5 _bBC _cLIBRO _d33724000135091 _eLIBRO _i23622 _mD _si |
||
| 999 |
_c18565 _d18565 |
||